Cultura musical , tercer curso /

Guardado en:
Autor Principal: Roldán, Waldemar Axel
Formato: Libro
Publicado: Buenos Aires : Troquel, 1970
Edición:7a. ed.
Materias:
Etiquetas: Agregar Etiqueta
Sin Etiquetas, Sea el primero en etiquetar este registro!
LEADER 00514nam a22001815a 4500
001 CEM.cems005565
005 20060221000000.0
008 130507s1970##################000#0#####d
003 CEMS
082 0 4 |a 780.7 
100 1 |a Roldán, Waldemar Axel 
245 1 0 |a Cultura musical , tercer curso / 
250 |a 7a. ed. 
260 |a Buenos Aires :  |b Troquel,  |c 1970 
300 |a 224 p. 
653 |a Cultura músical 
653 |a Cultura músical 3er. año 
859 |a CEMS  |b BIB. CEMS - 11 de abril  |h 780.7  |i R643-2a7/III  |p 7114.79  |t Ej.1